Concepts in solids : (Record no. 118067)
[ view plain ]
| 000 -LEADER | |
|---|---|
| fixed length control field | 00962cam a2200313 a 4500 |
| 001 - CONTROL NUMBER | |
| control field | 845234 |
| 003 - CONTROL NUMBER IDENTIFIER | |
| control field | ARRUPE |
| 005 - DATE AND TIME OF LATEST TRANSACTION | |
| control field | 20130926110919.0 |
| 008 - FIXED-LENGTH DATA ELEMENTS--GENERAL INFORMATION | |
| fixed length control field | 880728s1963 caua b 000 0 eng d |
| 010 ## - LIBRARY OF CONGRESS CONTROL NUMBER | |
| LC control number | 63021516 |
| 020 ## - INTERNATIONAL STANDARD BOOK NUMBER | |
| International Standard Book Number | 0805302298 |
| 035 ## - SYSTEM CONTROL NUMBER | |
| System control number | (OCoLC)18765155 |
| 035 ## - SYSTEM CONTROL NUMBER | |
| System control number | (OCoLC)ocm18765155 |
| 035 ## - SYSTEM CONTROL NUMBER | |
| System control number | (CStRLIN)NYCG88-B56652 |
| 035 ## - SYSTEM CONTROL NUMBER | |
| System control number | (NNC)845234 |
| 040 ## - CATALOGING SOURCE | |
| Original cataloging agency | NNC |
| Transcribing agency | NNC |
| 050 ## - LIBRARY OF CONGRESS CALL NUMBER | |
| Classification number | QC176 |
| Item number | .A5 1963 |
| 090 ## - LOCALLY ASSIGNED LC-TYPE CALL NUMBER (OCLC); LOCAL CALL NUMBER (OCLC) | |
| Classification number (OCLC) (R) ; Classification number, CALL (RLIN) (NR) | QC176 |
| Local cutter number (OCLC) ; Book number/undivided call number, CALL (RLIN) | .A5 1963 |
| 300 ## - PHYSICAL DESCRIPTION | |
| Other physical details | ill. ; |
| Dimensions | 23 cm. |
| 100 1# - MAIN ENTRY--PERSONAL NAME | |
| Personal name | Anderson, P. W. |
| Fuller form of name | (Philip W.), |
| Dates associated with a name | 1923- |
| 9 (RLIN) | 1342 |
| 245 10 - TITLE STATEMENT | |
| Title | Concepts in solids : |
| Remainder of title | lectures on the theory of solids / |
| Statement of responsibility, etc | P. W. Anderson. |
| 260 ## - PUBLICATION, DISTRIBUTION, ETC. (IMPRINT) | |
| Place of publication, distribution, etc | Redwood City, Ca. : |
| Name of publisher, distributor, etc | Addison-Wesley, |
| Date of publication, distribution, etc | 1963. |
| 300 ## - PHYSICAL DESCRIPTION | |
| Extent | x, 188 p. : |
| 490 1# - SERIES STATEMENT | |
| Series statement | Frontiers in physics; a lecture note and reprint series |
| 504 ## - BIBLIOGRAPHY, ETC. NOTE | |
| Bibliography, etc | Bibliography: p. 183-188. |
| 650 #0 - SUBJECT ADDED ENTRY--TOPICAL TERM | |
| Topical term or geographic name as entry element | Solid state physics. |
| 9 (RLIN) | 1343 |
| 830 #0 - SERIES ADDED ENTRY--UNIFORM TITLE | |
| Uniform title | Frontiers in physics. |
| 9 (RLIN) | 1344 |
| 942 ## - ADDED ENTRY ELEMENTS (KOHA) | |
| Source of classification or shelving scheme | Library of Congress Classification |
| Koha item type | Monograph ( Printed materials) |
| Withdrawn status | Lost status | Source of classification or shelving scheme | Damaged status | Not for loan | Collection code | Home library | Current library | Shelving location | Date acquired | Total Checkouts | Full call number | Barcode | Date last seen | Price effective from | Koha item type |
|---|---|---|---|---|---|---|---|---|---|---|---|---|---|---|---|
| Library of Congress Classification | Main Collection | ARRUPE LIBRARY | ARRUPE LIBRARY | Main Collection | 26/09/2013 | QC176 .A5 1963 | 46407460 | 02/07/2019 | 26/09/2013 | Monograph ( Printed materials) |